000 00366 a2200169 4500
001 70509
020 _a9788526006454
040 _cAnchieta - Itaigara
100 _aLessa, OrĂ­genes
240 1 0 _aO menino e a sombra
_lpor
245 1 0 _aO menino e a sombra
300 _a23
362 0 _a2000
440 1 _aGlobal
650 4 _aLiteratura juvenil
942 _cBK
999 _c70509
_d70509